[Event "Almansa op-B 13th"]
[Site "Almansa"]
[Date "2018.08.03"]
[Round "4.4"]
[White "Burgos Olmos, Mario"]
[Black "Alvarez Morales, Miguel"]
[Result "0-1"]
[WhiteElo "1916"]
[BlackElo "1955"]
[PlyCount "118"]
[EventDate "2018.08.02"]
[EventType "swiss"]
[EventRounds "7"]
[EventCountry "ESP"]
[SourceTitle "EXT 2024"]
[Source "ChessBase"]
[SourceDate "2023.10.10"]
[SourceVersion "1"]
[SourceVersionDate "2023.10.10"]
[SourceQuality "1"]

1. Nf3 c5 2. g3 b6 3. Bg2 Bb7 4. c4 e6 5. 0-0 Nf6 6. d3 d6 7. Nc3 Be7 8. b3 Nbd7 9. Bb2 0-0 10. e3 a6 11. Qc2 Qc7 12. Rac1 Rac8 13. Qb1 Qb8 14. Rfe1 Rfd8 15. e4 Ne5 16. Rcd1 Nc6 17. Ne2 b5 18. Qa1 Qa8 19. Nc3 Na7 20. Qc1 Rc7 21. Qf4 b4 22. Ne2 e5 23. Qc1 a5 24. Nh4 Nc6 25. Nf5 Bc8 26. Ne3 a4 27. f4 axb3 28. axb3 Nd4 29. Nxd4 cxd4 30. fxe5 dxe5 31. Nd5 Nxd5 32. exd5 Bd6 33. Rxe5 Bxe5 34. d6 Rb7 35. c5 Qa6 36. c6 Bxd6 37. cxb7 Bxb7 38. Qg5 f6 39. Bxb7 Qxb7 40. Qg4 Be5 41. Rc1 Qd7 42. Qe4 Re8 43. Re1 Qe6 44. Kg2 Qxb3 45. Bxd4 Qc2+ 46. Re2 Qc7 47. Bb2 Rd8 48. Bxe5 Qxe5 49. Qc4+ Qd5+ 50. Re4 Qxc4 51. Rxc4 b3 52. d4 Rb8 53. Rc1 b2 54. Rb1 Rb3 55. Kh3 Kf7 56. Kg4 Ke6 57. Kf4 Kd5 58. Kf5 Kxd4 59. Ke6 Kc3 0-1

[Event "Almansa op-B 12th"]
[Site "Almansa"]
[Date "2017.08.02"]
[Round "2"]
[White "Carrasco Rubio, David"]
[Black "Burgos Olmos, Mario"]
[Result "1/2-1/2"]
[WhiteElo "1696"]
[BlackElo "1860"]
[PlyCount "96"]
[EventDate "2017.08.01"]
[EventType "swiss"]
[EventRounds "9"]
[EventCountry "ESP"]
[SourceTitle "EXT 2019"]
[Source "ChessBase"]
[SourceDate "2018.10.10"]
[SourceVersion "1"]
[SourceVersionDate "2018.10.10"]
[SourceQuality "1"]

1. e4 c5 2. Nf3 d6 3. d4 cxd4 4. Nxd4 Nf6 5. Nc3 a6 6. Be3 e5 7. Nb3 Be6 8. Be2 Be7 9. 0-0 0-0 10. Qd2 Nbd7 11. Rfd1 Rc8 12. f3 b5 13. a3 Qc7 14. Rac1 Nb6 15. Bg5 Rfd8 16. Bxf6 Bxf6 17. Nd5 Bxd5 18. exd5 h6 19. g3 Bg5 20. f4 exf4 21. gxf4 Bf6 22. Bg4 Bxb2 23. Rb1 Bc3 24. Qg2 Ra8 25. Rd3 Bf6 26. Kh1 Kh8 27. Rg1 Rg8 28. Rh3 Qc4 29. f5 Rae8 30. Bh5 Qe4 31. Bxf7 Qxg2+ 32. Kxg2 Re2+ 33. Kf3 Rxc2 34. Rxh6+ gxh6 35. Rxg8+ Kh7 36. Rg6 Rc3+ 37. Ke4 Rxb3 38. Rxf6 Nc4 39. Bg6+ Kg7 40. Rf7+ Kg8 41. f6 Re3+ 42. Kf5 Re5+ 43. Kf4 Rg5 44. Rg7+ Kf8 45. h4 Rg1 46. Rf7+ Kg8 47. Rg7+ Kf8 48. Rf7+ Kg8 1/2-1/2